01014 a2200205 45000010006000000050017000060080041000230030015000640400040000790800032001192450051001512640035002023000019002375050373002561000025006297000017006547000018006717000020006898560099007094718320260407155740.0260407a1974 arg spa dAR-UNSa-BCEJYS aAR-UNSa-BCEJYSbspacAR-UNSa-BCEJYS a330(82)xEconomia Argentina10aLos planes de estabilización en la Argentina 1aBuenos Aires :bPaidósc1974 a132 p.c18 cm. a1. Devaluación, redistribución de ingresos y el proceso de desarticulación industrial en la Argentina / Aldo Ferrer - 2. Estrategias de estabilización y expansión en la Argentina: 1959-67 / Mario S. Brodersohn - 3. Las políticas económicas ortodoxas de Perón a Guido (1959-1963). Consecuencias económicas y sociales / Eprime Eshag y Rosemary Thorp - 1 aBrodersohn, Mario S.1 aFerrer, Aldo1 aEshag, Eprime1 aThorp, Rosemary41uhttps://www.biblioeco.unsa.edu.ar/pmb/images/libros/L127422.jpgyImagen de portadaqimage/jpeg